World class : thriving locally in the global economy

Bibliographic Details
Main Author: Kanter, Rosabeth Moss Kanter
Format: Book
Published: New York : Touchstone , 1995
Subjects:

MARC

LEADER 00000cam a2200000 7i4500
001 0000021077
005 20080213.0
008 071205
020 |a 0684811294 
040 |a INS 
090 0 0 |a HD62.7   |b K36 1995 
100 1 |a Kanter, Rosabeth Moss Kanter 
245 1 0 |a World class :   |b thriving locally in the global economy   |c Rosabeth Moss Kanter 
260 |a New York :   |b Touchstone ,   |c 1995 
300 |a 416p. ;   |c 23cm. 
500 |a Includes index 
650 0 0 |a Community development   |z United States 
650 0 0 |a Competition, International 
650 0 0 |a Small business   |z United States   |x Management 
999 |a 0000019603   |b BOOK   |c Open Shelf   |e Default branch